00913nam a22001817a 4500003000900000008004100009040007100050082001900121100003100140245005100171260004700222300004400269440008800313505023100401650002900632650001500661710005500676AR-CdUCM190409b ||||| |||| 00| 0 spa d aMUNICIPALIDAD PROVINCIAL DEL CUSCOcBIBLIOTECA MUNICIPAL DEL CUSCO aC / 300 /bV21 aValencia Espinoza, Abraham aTaytacha Temblores Patrón Jurado del Cuzco / aCuzco :bCentro de estudios andinos Cuzco, a168 páginas ;bIlustraciones,c21 cm. aArqueología, etnohistoria y etnología de la ciudad del Cuzco y su región ;n2 aContenido: Cuzco y la presencia de la cultura accidental -- Colonia española y la iglesia cristiana cuzqueña -- Taytanchis temblores -- Celebraciones al taytacha de los temblores -- Interacción entre dios y el hombre ... aAntropología cultural  aReligión aUniversidad Nacional de San Antonio Abad del Cusco